| 000 | 01095nam a2200301 a 4500 | ||
|---|---|---|---|
| 001 | 56454 | ||
| 003 | BD-RjUL | ||
| 005 | 20211209080410.0 | ||
| 008 | 161129s1998 bg b 000 0 eng | ||
| 020 |
_z9845590904 _c Tk.90.00 |
||
| 035 | _a(BD-RjUL)56578 | ||
| 040 |
_aDLC _cDLC _dBD-RjUL _beng |
||
| 041 | _aeng | ||
| 082 | 0 | 0 |
_a339.46095492 _223 _bPOV 1998 |
| 245 | 1 | 0 |
_aPoverty alleviation in Bangladesh : _bcoverage and nature of government and NGO programmes / _cSaadat Husain ... [et al.]. |
| 250 | _a1st ed. | ||
| 260 |
_aComilla : _bBangladesh Academy for Rural Development, _c1998. |
||
| 300 |
_avii, 98 p. ; _c23 cm. |
||
| 504 | _aIncludes bibliographical references (p. 51-52). | ||
| 650 | 0 |
_aNon-governmental organizations _zBangladesh. _9167915 |
|
| 650 | 0 |
_aRural development _zBangladesh. _9167916 |
|
| 650 | 0 |
_aEconomic assistance, Domestic _zBangladesh. _9155289 |
|
| 650 | 0 |
_aRural poor _zBangladesh. _9116711 |
|
| 700 | 1 |
_aHusain, Saadat. _9167917 |
|
| 710 | 2 |
_aBāṃlādeśa Pallī Unnaẏana Ekāḍemī. _9167918 |
|
| 942 |
_2ddc _cBK |
||
| 999 |
_c56454 _d56454 |
||